La conformación de una tradición de la narrativa de mujeres centroamericanas /
Resumen: La literatura centroamericana y su historiografía se han visto debilitados durante los últimos años. Ante estos multiples desafíos parece anacrónico que un grupo internacional de estudiosos de la literatura, cultura e historia de América Central se haya comprometido desde hace diez años co...
Salvato in:
| Autore principale: | |
|---|---|
| Natura: | Sconosciuto |
| Lingua: | Spanish |
| Tags: |
Aggiungi Tag
Nessun Tag, puoi essere il primo ad aggiungerne!!
|
MARC
| LEADER | 000000000a22000000004500 | ||
|---|---|---|---|
| 001 | 010724 | ||
| 041 | 0 | |a spa | |
| 100 | 1 | |a Meza, Consuelo | |
| 245 | 1 | 3 | |a La conformación de una tradición de la narrativa de mujeres centroamericanas / |c Consuelo Meza. |
| 520 | |a Resumen: La literatura centroamericana y su historiografía se han visto debilitados durante los últimos años. Ante estos multiples desafíos parece anacrónico que un grupo internacional de estudiosos de la literatura, cultura e historia de América Central se haya comprometido desde hace diez años con la tarea de producir una historia de las literaturas de esta región. Todos los escritos e investigaciones realizados a la historiografía centroamericana, se presentan en forma de ensayos en los que se disuten aspectos metodológicos con un enfoque pragmático. | ||
| 773 | 0 | |x 989992261828 |d Guatemala : F&G Editores |t Intersecciones y transgresiones: propuestas para una historiografía literaria en Centroamérica |g (2008), páginas 247-278 | |
| 942 | |c AM | ||
| 999 | |c 16849 |d 16849 | ||
